Представление документа в формате RUSMARC

ПолеНазваниеЗначение
  Тип записи a
  Библиографический уровень m
001 Контрольный номер RU/CBS_UL/BASE/a858a8c182df493e8075b40117c67289
005 Дата корректировки 20260130083044.1
010 Индекс ISBN __
a ISBN
b Уточнения в пер.
d Цена 100 р. 00 к.
9 Тираж экз.
100 Данные общей обработки __
a Данные общей обработки 20260130d 0rusy0189## ca
101 Язык документа 0_
a Язык текста rus
102 Страна публикации __
a Страна публикации RU
200 Заглавие и сведения об ответственности 1_
a Заглавие Сам себе адвокат. Руководство для участников судебного процесса
f Первые сведения об ответственности И. С. Масликов
210 Выходные данные 1_
a Место издания Москва
c Издательство Либерея-Бибинформ
d Дата издания 2008
215 Физическое описание __
a Объем 288 с.
d Формат см.
225 Серия 2_
a Серия Профессиональный практикум
300 Общие примечания __
a Общие примечания 18+
606 Тематические рубрики 0_
a Основная рубрика Гражданско-процессуальное право
610 Ключевые слова 0_
a Ключевые слова право; процесс гражданский; процессы судебные
686 Индексы других классификаций __
2 Код системы rubbk
a Классификационный индекс 67.410
700 Автор _1
a Фамилия Масликов
b Имя (инициалы) И. С.
801 Источник записи _0
a Страна RU
b Организация МБУК ЦБС г. Ульяновска
c Дата составления 20260130
g Правила каталогизации RCR
801 Источник записи _1
a Страна RU
b Организация МБУК ЦБС г. Ульяновска
c Дата составления 20260130
g Правила каталогизации RCR
852 Данные о местонахождении __
i Авторский знак М 31
j Шифр хранения 67.410
901 Тип документа __
t Тип документа m
909 Создатель записи __
a Создатель записи obr4
b Дата создания записи 20260130